| 000 | 00479nam a2200193Ia 4500 | ||
|---|---|---|---|
| 008 | 160319s9999 xx 000 0 und d | ||
| 020 | _a9712330761 | ||
| 050 | _a808.8 | ||
| 050 | _bC335p 2001 | ||
| 100 | _aCasanova, Arthur P. | ||
| 245 | _aPanitikang pilipino / | ||
| 245 | _cArthur P. Casanova...[et al.] | ||
| 260 | _aManila : | ||
| 260 | _bRex Book Store, | ||
| 260 | _c2001 | ||
| 300 | _axi, 350 p. ; | ||
| 300 | _c22 cm. | ||
| 650 | _aPhilippine Literature. | ||
| 999 |
_c292179 _d292179 |
||